00942nam a2200229 a 450000100100000000500170001000800410002704000250006808200190009310000230011224500570013526000340019230000360022649000690026249000310033150000620036250400320042465000710045665000490052765000390057683000970061500001630520260219105723.0100303s1979 dr a 001 0 spa d aDO-SdBNPbspacBNPHU a378.7293bK19t1 aKasse Acta, Rafael10aTemas del movimiento renovador /cRafael Kasse Acta. aSanto Domingo :bUASD,c1979. a239 p. :bil., retrs. ;c22 cm.1 aPublicaciones de la Universidad Autónoma de Santo Domingov2751 aEducación y sociedadv11 aIncluye datos biográficos del autor en la contraportada aBibliografía: p. 237-239. 4aUniversidadeszRepública DominicanaxEnsayos, conferencias, etc. 0aEducación superiorzRepública Dominicana 4aPolítica de educación superior 0aPublicaciones de la Universidad Autónoma de Santo Domingov275pEducación y sociedadn11